01369nam a2200325 a 4500001001200000003000800012006001900020007001500039008004100054010001700095020001500112020001800127020002700145040002100172035002100193050002100214082001600235100002700251245007100278260012000349300002500469504006600494505011700560533015200677650003100829650001100860655002900871710001700900856012600917ebr10493525CaPaEBRm u cr cn|||||||||110826s2011 enka sb 001 0 eng d z 2011453830 z1848164564 z9781848164567 z9781848164581 (e-book) aCaPaEBRcCaPaEBR a(OCoLC)75477360514aP98b.L39 2011eb04a006.3/52231 aLecomte, Alain,d1947-10aMeaning, logic and ludicsh[electronic resource] /cAlain Lecomte. aLondon :bImperial College Press ;aHackensack, N.J. :bDistributed by World Scientific Pub. Co. Pte. Ltd.,cc2011. axvii, 369 p. :bill. aIncludes bibliographical references (p. 353-361) and indexes.0 apt. 1. Truth-conditional meaning -- pt. 2. Logic -- pt. 3. Proof theory applied to linguistics -- pt. 4. Ludics. aElectronic reproduction.bPalo Alto, Calif. :cebrary,d2011.nAvailable via World Wide Web.nAccess may be limited to ebrary affiliated libraries. 0aComputational linguistics. 0aLogic. 7aElectronic books.2local2 aebrary, Inc.40uhttp://site.ebrary.com/lib/rucke/Doc?id=10493525zAn electronic book accessible through the World Wide Web; click to view